The struggle for Arab independence : (Record no. 18860)

MARC details
000 -LEADER
fixed length control field 01268cam a2200337 i 4500
001 - CONTROL NUMBER
control field 16211885
003 - CONTROL NUMBER IDENTIFIER
control field EG-ScBUE
005 - DATE AND TIME OF LATEST TRANSACTION
control field 20240502093500.0
008 - FIXED-LENGTH DATA ELEMENTS--GENERAL INFORMATION
fixed length control field 100430r20112010enkbo f b f001 0beng d
020 ## - INTERNATIONAL STANDARD BOOK NUMBER
International Standard Book Number 9780521191371 (hbk.)
020 ## - INTERNATIONAL STANDARD BOOK NUMBER
International Standard Book Number 0521191378 (hbk.)
040 ## - CATALOGING SOURCE
Original cataloging agency UKM
Language of cataloging eng
Description conventions rda
Transcribing agency UKM
Modifying agency YDXCP
-- BWK
-- GSU
-- DLC
-- EG-ScBUE
043 ## - GEOGRAPHIC AREA CODE
Geographic area code aw-----
082 04 - DEWEY DECIMAL CLASSIFICATION NUMBER
Classification number 956.02
Edition number 22
Item number SEA
100 1# - MAIN ENTRY--PERSONAL NAME
Personal name Seale, Patrick,
Relator term author.
9 (RLIN) 37120
245 14 - TITLE STATEMENT
Title The struggle for Arab independence :
Remainder of title Riad el-Solh and the makers of the modern Middle East /
Statement of responsibility, etc Patrick Seale.
250 ## - EDITION STATEMENT
Edition statement Fourth printing.
264 #1 - PUBLICATION, DISTRIBUTION, ETC. (IMPRINT)
Place of publication, distribution, etc Cambridge, United Kingdom ;
-- New York, United States :
Name of publisher, distributor, etc Cambridge University Press,
Date of publication, distribution, etc 2011.
300 ## - PHYSICAL DESCRIPTION
Extent xiii, 804 pages :
Other physical details maps, photographs ;
Dimensions 24 cm
336 ## - CONTENT TYPE
Source rdacontent
Content type term text
Content type code txt
337 ## - MEDIA TYPE
Media type term unmediated
Source rdamedia
Media type code n
338 ## - CARRIER TYPE
Carrier type term volume
Carrier type code nc
Source rdacarrier
504 ## - BIBLIOGRAPHY, ETC. NOTE
Bibliography, etc Includes bibliographical references and index.<br/>
600 17 - SUBJECT ADDED ENTRY--PERSONAL NAME
Personal name El-Solh, Riad,
Dates associated with a name 1894-1951.
Source of heading or term BUEsh
9 (RLIN) 37121
651 #7 - SUBJECT ADDED ENTRY--GEOGRAPHIC NAME
Geographic name Lebanon
Form subdivision Biography.
Source of heading or term BUEsh
9 (RLIN) 37122
651 #7 - SUBJECT ADDED ENTRY--GEOGRAPHIC NAME
Geographic name Middle East
General subdivision History
Chronological subdivision 20th century.
Source of heading or term BUEsh
9 (RLIN) 37123
651 #7 - SUBJECT ADDED ENTRY--GEOGRAPHIC NAME
Geographic name Middle East
General subdivision Politics and government.
Source of heading or term BUEsh
9 (RLIN) 11754
653 ## - INDEX TERM--UNCONTROLLED
Resource For college BAEPS, Political Science
Arrived date list January2015
655 ## - INDEX TERM--GENRE/FORM
Form subdivision Reading book
9 (RLIN) 34232
942 ## - ADDED ENTRY ELEMENTS (KOHA)
Source of classification or shelving scheme Dewey Decimal Classification
Koha item type Book - Borrowing
Holdings
Withdrawn status Lost status Source of classification or shelving scheme Damaged status Not for loan Collection code Home library Current library Shelving location Date acquired Source of acquisition Cost, normal purchase price Serial Enumeration / chronology Total Checkouts Full call number Barcode Date last seen Cost, replacement price Price effective from Koha item type
    Dewey Decimal Classification     Baccah Central Library Central Library Second Floor 12/01/2015 Purchase 321.00 21291   956.02 SEA 000037282 15/07/2025 401.00 12/01/2015 Book - Borrowing